00451nam a2200145Ia 4500003000900000008004100009020002600050020002700076040001600103100002000119245004900139260003200188300002000220856006500240IN-BaIIA211028s9999 xx s 000 0 eng d a9780819464347 (Print) a9780819478733 (Online) cIIA Library aTeare, Scott W. 0aIntroduction to Image Stabilizationh[eBook] aWashington, USAbSPIEc2006 aOnline resource uhttps://doi.org/10.1117/3.685011yClick Here to Access eBook